000
00322pab a2200145 454500
008
180718b1988 xxu||||| |||| 00| 0 eng d
100
_a
Patel, A.R.
245
_a
Action plan for social forestry
260
_c
1988
300
_a
375-80
362
_a
May
650
_a
Forests
773
_a
Khadi Gramodyog
909
_a
8854
999
_c
8854
_d
8854